书目信息 |
| 题名: |
听力言语语言康复词汇
|
|
| 作者: | ;中国聋儿康复研究中心 编 | |
| 分册: | 听力学部分 | |
| 出版信息: | 北京 华夏出版社 2011 |
|
| 页数: | 36,298页 | |
| 开本: | 21cm | |
| 丛书名: | ||
| 单 册: | ||
| 中图分类: | G762.4 | |
| 科图分类: | ||
| 主题词: | 听力障碍--语言--康复训练 , 听力障碍 , 语言 , 康复训练 | |
| 电子资源: | ||
| ISBN: | 978-7-5080-6297-6 | |
| 000 | 00851nam0 2200253 450 | |
| 001 | 1532581585 | |
| 005 | 20150203090323.57 | |
| 010 | @a978-7-5080-6297-6@dCNY30.00 | |
| 100 | @a20110511d2011 em y0chiy50 ea | |
| 101 | 0 | @achi |
| 102 | @aCN@b110000 | |
| 105 | @ay z 001yy | |
| 200 | 1 | @a听力言语语言康复词汇@9ting li yan yu yu yan kang fu ci hui@i听力学部分@f中国聋儿康复研究中心编 |
| 210 | @a北京@c华夏出版社@d2011 | |
| 215 | @a36,298页@d21cm | |
| 330 | @a本书是听力言语语言康复词汇的汇编,所收录的词条按汉语拼音音序排列,对于非汉字字首的词条,单独排序放在书后。 | |
| 606 | 0 | @a听力障碍@x语言@x康复训练 |
| 606 | 0 | @a听力障碍 |
| 606 | 0 | @a语言 |
| 606 | 0 | @a康复训练 |
| 690 | @aG762.4@v5 | |
| 711 | 02 | @a中国聋儿康复研究中心@9zhong guo long er kang fu yan jiu zhong xin@4编 |
| 801 | 0 | @aCN@bTSSF@c20150203 |
| 905 | @aZUCC@dG762.4@eJY10 | |
| 听力言语语言康复词汇.听力学部分/中国聋儿康复研究中心编.-北京:华夏出版社,2011 |
| 36,298页;21cm |
| ISBN 978-7-5080-6297-6:CNY30.00 |
| 本书是听力言语语言康复词汇的汇编,所收录的词条按汉语拼音音序排列,对于非汉字字首的词条,单独排序放在书后。 |
| ● |
| 相关链接 |
|
|
|
|
正题名:听力言语语言康复词汇
索取号:G762.4/JY10
 
预约/预借
| 序号 | 登录号 | 条形码 | 馆藏地/架位号 | 状态 | 备注 |
| 1 | 7865184 | 278651843 | 学院路分馆/ [索取号:G762.4/JY10] | 在馆 |